000 00729nam a22002297a 4500
003 DO-SdBNP
005 20210922144521.0
007 ta
008 210922b 2021 pr 00| 0 eng d
020 _a9789945608632
040 _aDO-SdBNP
_bspa
_cBNPHU
082 4 _aBNPHU
100 1 _aSantana Santana, Benjamín,
_d1947-
_975689
245 1 3 _aLa provincia apartada :
_bdeslumbramiento, quebranto y redención /
_cBenjamín Santana Santana ; prólogo Otho Rosa
260 _aPuerto Rico :
_bIsla Negra,
_c2021.
300 _a111 p. ;
_c22 cm.
500 _aIncluye datos biográficos del autor en las solapas
590 _aInventariado, 2021/BT
700 1 _aRosa, Otho,
_epról.
_980022
910 _aBtavárez
942 _2ddc
_cLBS1
999 _c50637
_d50637